00303nam a2200121Ia 4500008004100000100002800041245002800069260004200097300000800139650001000147942000700157999001700164190216s9999||||xx |||||||||||||| ||und|| aRajendra Mohan Matnagar 0aHindi-Manga Ka Sindhoor bNidhi Sahithya Sahithya Pusthakc2007 a139 aHindi cBK c16684d16684